| 000 | 00503nam a2200193Ia 4500 | ||
|---|---|---|---|
| 005 | 20240823050112.0 | ||
| 008 | 240823s9999||||xx |||||||||||||| ||und|| | ||
| 020 | _a978-81-317-2416-3 | ||
| 041 | _aENGLISH | ||
| 082 | _A005.82 P9 | ||
| 100 | _aRichard B Wells | ||
| 245 | 0 | _aApplied Coding and Information Theory for Engineers | |
| 250 | _a1st | ||
| 260 |
_c2009 _b"Pearson Education, New " |
||
| 500 | _aYES | ||
| 650 |
_aInformation Theory _bComputer Science |
||
| 942 | _cBK | ||
| 999 |
_c216480 _d216480 |
||